MARC

LEADER 00000nam0a2200000 4500
001 317030
005 20231102002932.0
035 |a (RuTPU)RU\TPU\book\342498 
090 |a 317030 
100 |a 20160404d1962 m y0rusy50 ca 
101 0 |a rus 
102 |a RU 
105 |a a j 001zy 
200 1 |a Горная механика  |e учебное пособие 
210 |a Москва  |c Госгортехиздат  |d 1962 
215 |a 408 с.  |c ил. 
320 |a Библиогр.: с. 402. 
606 1 |a Горная механика  |2 stltpush  |3 (RuTPU)RU\TPU\subj\7463  |9 35108 
610 1 |a шахтные установки 
610 1 |a шахтные турбоустановки 
610 1 |a турбомашины 
610 1 |a работа 
610 1 |a вентиляторные установки 
610 1 |a проектирование 
610 1 |a водоотливные установки 
610 1 |a расчет 
610 1 |a пневматические установки 
610 1 |a сжатый воздух 
610 1 |a подъемные установки 
610 1 |a механическое оборудование 
610 1 |a учебные пособия 
675 |a 622.002.5(075.8)  |v 3 
701 1 |a Борисенко  |b К. С.  |g Константин Степанович 
701 1 |a Боруменский  |b А. Г.  |g Александр Григорьевич 
701 1 |a Дулин  |b В. С.  |g Владимир Сергеевич 
701 1 |a Русанов  |b Н. М.  |g Николай Михайлович 
801 1 |a RU  |b 63413507  |c 20160404 
801 2 |a RU  |b 63413507  |c 20161117  |g RCR 
942 |c BK